[Event "GER-ch U25-B"]
[Site "Willingen"]
[Date "2019.06.13"]
[Round "7"]
[White "Keck, Johannes"]
[Black "Ostra, Noah"]
[Result "0-1"]
[WhiteElo "1402"]
[BlackElo "1773"]
[PlyCount "62"]
[EventDate "2019.06.08"]
[EventType "swiss"]
[EventRounds "9"]
[EventCountry "GER"]
[SourceTitle "CBM 191 Extra"]
[Source "ChessBase"]
[SourceDate "2019.09.30"]
[SourceVersion "1"]
[SourceVersionDate "2019.09.30"]
[SourceQuality "1"]

1. e4 c5 2. Nc3 d6 3. g3 g6 4. Bg2 Bg7 5. Nge2 Nf6 6. d3 Bd7 7. 0-0 Qc8 8. f4 h5 9. e5 dxe5 10. fxe5 Ng4 11. Nf4 Nxe5 12. Be3 Ng4 13. Bxc5 Qxc5+ 14. Kh1 Nf2+ 15. Rxf2 Qxf2 16. Bxb7 Bc6+ 17. Bxc6+ Nxc6 18. Nfd5 Rc8 19. Ne4 Qd4 20. c4 h4 21. gxh4 Kd7 22. Qg4+ f5 23. Qxg6 fxe4 24. Rf1 Rhf8 25. Rf7 Rxf7 26. Qxf7 Qxb2 27. Nf4 Qc1+ 28. Kg2 Qd2+ 29. Kg1 Bd4+ 30. Kh1 Qe1+ 31. Kg2 Qf2+ 0-1

[Event "GER-ch U25-A"]
[Site "Willingen"]
[Date "2017.06.07"]
[Round "6"]
[White "Ostra, Noah"]
[Black "Arndt, Magnus"]
[Result "0-1"]
[WhiteElo "1618"]
[BlackElo "1996"]
[PlyCount "40"]
[EventDate "2017.06.04"]
[EventType "swiss"]
[EventRounds "9"]
[EventCountry "GER"]
[SourceTitle "CBM 178 Extra"]
[Source "ChessBase"]
[SourceDate "2017.06.22"]
[SourceVersion "1"]
[SourceVersionDate "2017.06.22"]
[SourceQuality "1"]

1. e4 e5 2. Nf3 Nc6 3. Bb5 a6 4. Ba4 Nf6 5. 0-0 Be7 6. Re1 b5 7. Bb3 0-0 8. c3 d5 9. exd5 Nxd5 10. Nxe5 Nxe5 11. Rxe5 c6 12. d4 Bd6 13. Re1 Qh4 14. g3 Qh3 15. Nd2 Bg4 16. f3 Bxg3 17. hxg3 Qxg3+ 18. Kh1 Nf4 19. Re2 Bxf3+ 20. Nxf3 Qxf3+ 0-1